000
00263nam a22000857a 4500
008
160704b xxu||||| |||| 00| 0 eng d
100
_9
1929
_a
Student Aid Publication
245
_a
Directory of Scholarships for 10 +2
260
_a
New Delhi
_b
Student Aid Publication
_c
2005
999
_c
1631
_d
1631